Reformation in der Oberlausitz

Titel: Reformation in der Oberlausitz / Lars-Arne Dannenberg
Verfasser:
In: Epitaphien, Netzwerke, Reformation, (2018), Seite 17-24
alle Artikel anzeigen
Veröffentlicht: 2018
Format: Aufsatz
Sprache: Deutsch
Schlagworte:
Kein Bild verfügbar
X
alg: 50177372
001A    $03025:18-11-22 
001B    $01999:18-11-22 $t22:35:45.000 
001D    $03025:18-11-22 
001U    $0utf8 
001X    $00 
002@    $0Aou 
002C    $aText $btxt $2rdacontent 
002D    $aohne Hilfsmittel zu benutzen $bn $2rdamedia 
002E    $aBand $bnc $2rdacarrier 
003@    $050177372X 
007A    $050177372X $aHEB 
010@    $ager 
010E    $erda 
011@    $a2018 
021A    $aReformation in der Oberlausitz $hLars-Arne Dannenberg 
028A    $BVerfasser $4aut $7139410341 $8Dannenberg, Lars-Arne$Z1971- [Tp1] $9216559804 
031A    $h17-24 $j2018 
039B    $aEnthalten in $8--Aau--. Epitaphien, Netzwerke, Reformation. - [Görlitz] : Verlag Gunter Oettel, [2018]. - 612 Seiten. - Illustrationen. - ISBN 978-3-944560-43-4 $x201800000000000983 $9439067375 
044K    $RLausitz $#Lausitz, Süd $#Südliche Lausitz $74042942-8 $8Oberlausitz [Tg1] $9085119431 
044K    $RReformator $RReformatorin $#Reformation $#Réforme protestante $#Reforma $#Reformation $74048946-2 $8Reformation [Ts1] $9085136344 
045F    $a200.94315109031 $eDDC23BSB 
045F/01 $a200.9 
045F/03 $f09031 
045F/03 $g43151 
045R    $aGeschichte 1517-1600 

lok: 50177372 78

exp: 50177372 78 1 #EPN
201B/01 $018-11-22 $t10:56:33.000 
201C/01 $018-11-22 
201U/01 $0utf8 
203@/01 $01220234427 
208@/01 $a18-11-22 $be 
209A/01 $a/ $f000 $x00 
209A/01 $ab*p $x01 
220C/01 $apgar 
244Z/01 $#Schlesien $#Schlesien $#Herzogtum Schlesien $#Herzogtum Schlesien Schlesien $#Provinz Schlesien $#Śla̜sk $#Slezsko $#Silesia $74052678-1 $8--Tg1--Schlesien $x01 $9085146781 
247C/01 $82080>Marburg/Lahn, Herder-Institut, Forschungsbibliothek, Bibliographieportal $9336309341
LEADER 00000caa a2200000 c 4500
001 50177372X
003 DE-603
005 20221118223545.0
007 tu
008 221118s2018 xx |||| | u00||u|ger c
035 |a (DE-599)HEB50177372X 
040 |a DE-603  |b ger  |c DE-603  |d DE-603  |e rda 
041 |a ger 
082 0 4 |8 1\u  |a 200.94315109031  |q DE-101  |2 23/BSB 
085 |8 1\u  |b 200.9 
085 |8 1\u  |z 1  |s 09031 
085 |8 1\u  |z 2  |s 43151 
100 1 |a Dannenberg, Lars-Arne  |d 1971-  |e Verfasser  |4 aut  |0 (DE-603)216559804  |0 (DE-588)139410341  |2 gnd 
245 0 0 |a Reformation in der Oberlausitz  |c Lars-Arne Dannenberg 
264 0 |c 2018 
336 |a Text  |b txt  |2 rdacontent 
337 |a ohne Hilfsmittel zu benutzen  |b n  |2 rdamedia 
338 |a Band  |b nc  |2 rdacarrier 
648 7 |a Geschichte 1517-1600  |2 gnd 
650 7 |a Reformation  |0 (DE-588)4048946-2  |0 (DE-603)085136344  |2 gnd 
651 7 |a Oberlausitz  |0 (DE-588)4042942-8  |0 (DE-603)085119431  |2 gnd 
773 0 8 |i Enthalten in  |t Epitaphien, Netzwerke, Reformation  |d [Görlitz] : Verlag Gunter Oettel, [2018]  |h 612 Seiten, Illustrationen  |z 9783944560434  |g (2018), Seite 17-24  |w (DE-603)439067375 
924 0 |9 2080  |a (DE-603)1220234427  |b DE-2080  |c HES  |d d  |g /